000 00692nam a2200289Ia 4500
005 20260324112413.0
008 008 260324s9999 xx 000 0 eng d
020 _a9781003438120
037 _aEBOOK
040 _aCRL
040 _beng
040 _cCRL
041 _2eng
041 _aeng
084 _qCRL
100 _aJoyce E. Butler
_91142553
245 0 _aComparative Psychology and Educational Outcomes
245 0 _bLessons from Project Nim
260 _bTaylor and Francis
260 _c2024
365 _a
365 _b220
856 _uhttp://www.taylorfrancis.com/books/9781003438120
942 _cEBOOK
999 _c1731746
_d1731746